[Event "4NCL/Div2/BRI1 vs. WRO"]
[Site "Wokefield Park ENG"]
[Date "2008.01.13"]
[Round "6.6"]
[White "Gayson, Peter M"]
[Black "Collier, David O"]
[Result "1-0"]
[WhiteElo "2250"]
[BlackElo "2104"]
[PlyCount "105"]
[EventDate "2008.01.13"]
[EventCountry "ENG"]
[SourceDate "2007.09.15"]

1. e4 c5 2. Nf3 d6 3. d4 cxd4 4. Nxd4 Nf6 5. Nc3 a6 6. f4 e5 7. Nf3 Nbd7 8. a4
b6 9. Bc4 Be7 10. O-O Bb7 11. Qe2 Qc7 12. Kh1 O-O 13. fxe5 dxe5 14. Bg5 Rfc8
15. Bb3 h6 16. Bxf6 Nxf6 17. Nh4 Rf8 18. Qf3 Bb4 19. Nf5 Ne8 20. Nd5 Bxd5 21.
Bxd5 Ra7 22. c3 Bc5 23. b4 Bd6 24. Rad1 a5 25. b5 Bc5 26. Qg3 Kh7 27. Bc6 g6
28. Rd7 Qxd7 29. Bxd7 Rxd7 30. Nxh6 Re7 31. Ng4 Kg7 32. Ne3 Bxe3 33. Qxe3 Re6
34. Rd1 Nf6 35. h3 Rh8 36. Kg1 Rh4 37. g4 Rh8 38. c4 Rc8 39. Qd3 Re7 40. Qa3
Re6 41. Rd6 Rce8 42. Qd3 Rxd6 43. Qxd6 Re6 44. Qd3 Re7 45. c5 bxc5 46. Qd6 Re6
47. Qxc5 Nxe4 48. Qe3 Nf6 49. Qc3 Nd5 50. Qxa5 e4 51. Qd2 e3 52. Qxd5 e2 53.
Qxe6 1-0

[Event "4NCL/Div2/BRI1 vs. WRO"]
[Site "Wokefield Park ENG"]
[Date "2008.01.13"]
[Round "6.7"]
[White "Curtis, John"]
[Black "Adams, David M"]
[Result "1/2-1/2"]
[WhiteElo "2127"]
[BlackElo "2203"]
[PlyCount "44"]
[EventDate "2008.01.13"]
[EventCountry "ENG"]
[SourceDate "2007.09.15"]

1. d4 Nf6 2. Nf3 e6 3. e3 b6 4. Bd3 Bb7 5. Nbd2 d5 6. b3 Bd6 7. Bb2 O-O 8. O-O
Ne4 9. c4 Nd7 10. Ne5 Bxe5 11. dxe5 Ndc5 12. Be2 dxc4 13. Nxc4 Bd5 14. Bd4 Nb7
15. f3 Nec5 16. Qc2 Qe7 17. Rac1 Rac8 18. Rfd1 Rfd8 19. a3 Bc6 20. Nb2 Bd5 21.
Nc4 Bc6 22. Nb2 Bd5 1/2-1/2

[Event "4NCL/Div2/BRI1 vs. WRO"]
[Site "Wokefield Park ENG"]
[Date "2008.01.13"]
[Round "6.8"]
[White "Khakimova, Masura"]
[Black "Levacic, Melissa"]
[Result "1/2-1/2"]
[WhiteElo "1978"]
[BlackElo "2009"]
[PlyCount "78"]
[EventDate "2008.01.13"]
[EventCountry "ENG"]
[SourceDate "2007.09.15"]

1. e4 e5 2. Nf3 Nc6 3. Bb5 Nf6 4. O-O Nxe4 5. d4 Nd6 6. Bxc6 dxc6 7. dxe5 Nf5
8. Qxd8+ Kxd8 9. Rd1+ Bd7 10. c4 h6 11. e6 fxe6 12. Ne5 Ke8 13. Rxd7 Bd6 14.
Nf7 Kxd7 15. Nxh8 Rxh8 16. Nc3 c5 17. Ne4 Kc6 18. Bd2 Be5 19. Bc3 Bd4 20. Bxd4
cxd4 21. Rd1 e5 22. b3 Nd6 23. Ng3 g5 24. f3 b5 25. cxb5+ Kxb5 26. Kf2 c5 27.
Ke2 Kc6 28. Kd3 Kd5 29. Ne4 Rf8 30. Re1 a5 31. Nxc5 Kxc5 32. Rxe5+ Kb4 33. Kxd4
Nb5+ 34. Ke3 Rc8 35. Re4+ Kc3 36. Re5 Kb4 37. Re4+ Kc3 38. Re5 Kb4 39. Re4+ Kc3
1/2-1/2

[Event "4NCL/Div2/WES1 vs. KHE"]
[Site "Wokefield Park ENG"]
[Date "2008.01.13"]
[Round "6.1"]
[White "Poulton, James"]
[Black "Whiteley, Andrew"]
[Result "1/2-1/2"]
[WhiteElo "2364"]
[BlackElo "2265"]
[PlyCount "64"]
[EventDate "2008.01.13"]
[EventCountry "ENG"]
[SourceDate "2007.09.15"]

1. d4 d5 2. c4 c6 3. Nf3 Nf6 4. Nc3 e6 5. Bg5 h6 6. Bxf6 Qxf6 7. e3 g6 8. Qc2
Nd7 9. cxd5 exd5 10. Bd3 Bg7 11. b4 Qd6 12. Qb3 a6 13. O-O b6 14. e4 dxe4 15.
Nxe4 Qc7 16. Ned2 O-O 17. Bxg6 c5 18. Rac1 Rb8 19. Rfe1 Qf4 20. Bb1 cxd4 21.
Qd3 Rd8 22. Qh7+ Kf8 23. Re4 Qf6 24. Rxd4 Ne5 25. Rxd8+ Qxd8 26. Re1 Nxf3+ 27.
Nxf3 Be6 28. Qe4 Bd5 29. Qf4 Bxf3 30. Qxf3 Qd2 31. Rd1 Qxb4 32. g3 Qc3 1/2-1/2

[Event "4NCL/Div2/WES1 vs. KHE"]
[Site "Wokefield Park ENG"]
[Date "2008.01.13"]
[Round "6.2"]
[White "McMichael, Richard"]
[Black "Webb, Richard M"]
[Result "1/2-1/2"]
[WhiteElo "2253"]
[BlackElo "2260"]
[PlyCount "44"]
[EventDate "2008.01.13"]
[EventCountry "ENG"]
[SourceDate "2007.09.15"]

1. c4 c5 2. g3 g6 3. Bg2 Bg7 4. Nc3 Nc6 5. e4 e6 6. Nge2 Nge7 7. O-O O-O 8. d3
d6 9. Be3 Nd4 10. Qd2 Rb8 11. Bh6 Nec6 12. Bxg7 Kxg7 13. f4 f5 14. Nxd4 Nxd4
15. Ne2 Qf6 16. Rae1 Bd7 17. e5 dxe5 18. Nxd4 exd4 19. Qa5 Qe7 20. Qxa7 Qd6 21.
Re5 Rfc8 22. Rfe1 Qa6 1/2-1/2

[Event "4NCL/Div2/WES1 vs. KHE"]
[Site "Wokefield Park ENG"]
[Date "2008.01.13"]
[Round "6.3"]
[White "Corkett, Anthony R"]
[Black "Okike, David C"]
[Result "1-0"]
[WhiteElo "2306"]
[BlackElo "2189"]
[PlyCount "89"]
[EventDate "2008.01.13"]
[EventCountry "ENG"]
[SourceDate "2007.09.15"]

1. d4 Nf6 2. Nf3 e6 3. g3 b5 4. Bg2 Bb7 5. O-O Be7 6. a4 b4 7. c4 O-O 8. b3 Qc8
9. Bb2 a5 10. Nbd2 d6 11. Qc2 d5 12. Rac1 Bd6 13. Rfe1 h6 14. c5 Be7 15. Ne5
Nc6 16. Rcd1 Nd7 17. Nd3 Ba6 18. e4 Bxd3 19. Qxd3 Nf6 20. e5 Nh7 21. f4 Nd8 22.
Nf3 Re8 23. g4 c6 24. Bc1 f6 25. Kh1 Nf7 26. Qc2 Qd7 27. Bf1 Nf8 28. Bd3 Qa7
29. h4 fxe5 30. fxe5 Qd7 31. Rg1 Nh8 32. Rg2 Ra7 33. Rdg1 Bd8 34. Rg3 Qf7 35.
Rf1 Qd7 36. g5 hxg5 37. Nxg5 Bxg5 38. Bxg5 g6 39. Bf6 Qh7 40. Rf2 Rf7 41. h5
Rxf6 42. exf6 Kf7 43. Rh2 Kxf6 44. hxg6 Qg7 45. Qd2 1-0

[Event "4NCL/Div2/WES1 vs. KHE"]
[Site "Wokefield Park ENG"]
[Date "2008.01.13"]
[Round "6.4"]
[White "Spivack, Simon"]
[Black "Simons, Martin J"]
[Result "0-1"]
[WhiteElo "2191"]
[BlackElo "2228"]
[PlyCount "66"]
[EventDate "2008.01.13"]
[EventCountry "ENG"]
[SourceDate "2007.09.15"]

1. e4 Nc6 2. d4 d5 3. Nc3 dxe4 4. d5 Ne5 5. Bf4 Ng6 6. Bg3 f5 7. Nh3 e5 8. dxe6
Qxd1+ 9. Rxd1 c6 10. Bc4 Bb4 11. O-O Bxc3 12. bxc3 N8e7 13. f3 b5 14. Bb3 c5
15. fxe4 f4 16. Bd5 Nxd5 17. exd5 fxg3 18. hxg3 Rf8 19. Nf4 Nxf4 20. gxf4 Ke7
21. f5 Kd6 22. g4 h6 23. Kh2 Bb7 24. Rd2 Rad8 25. Kg3 Ke7 26. Rfd1 Rd6 27. Kf4
Kf6 28. Ke4 Rfd8 29. a4 Rxd5 30. Rxd5 Rxd5 31. Rxd5 bxa4 32. c4 a3 33. Kf4 Bxd5
0-1

[Event "4NCL/Div2/WES1 vs. KHE"]
[Site "Wokefield Park ENG"]
[Date "2008.01.13"]
[Round "6.5"]
[White "Lock, Gavin R"]
[Black "Mackenzie, Colin"]
[Result "1/2-1/2"]
[WhiteElo "2213"]
[BlackElo "2124"]
[PlyCount "50"]
[EventDate "2008.01.13"]
[EventCountry "ENG"]
[SourceDate "2007.09.15"]

1. Nf3 e6 2. c4 Nf6 3. Nc3 d5 4. d4 c5 5. cxd5 exd5 6. g3 Nc6 7. Bg2 cxd4 8.
Nxd4 Bc5 9. Nb3 Bb4 10. O-O Bxc3 11. bxc3 O-O 12. Bg5 h6 13. Bxf6 Qxf6 14. Rc1
Rd8 15. Nd4 Rb8 16. Qa4 Bd7 17. Nxc6 Bxc6 18. Qxa7 Ra8 19. Qb6 Rxa2 20. e3 Rda8
21. c4 R8a6 22. Qc7 dxc4 23. Rxc4 Bxg2 24. Kxg2 b5 25. Rf4 Qc6+ 1/2-1/2

[Event "4NCL/Div2/WES1 vs. KHE"]
[Site "Wokefield Park ENG"]
[Date "2008.01.13"]
[Round "6.6"]
[White "Ward, Julian T"]
[Black "Yeo, Michael J"]
[Result "1/2-1/2"]
[WhiteElo "2145"]
[BlackElo "2110"]
[PlyCount "61"]
[EventDate "2008.01.13"]
[EventCountry "ENG"]
[SourceDate "2007.09.15"]

1. Nf3 Nc6 2. d4 d5 3. c4 Bg4 4. cxd5 Bxf3 5. dxc6 Bxc6 6. Nc3 e6 7. Qd3 Qh4 8.
g3 Qh5 9. e4 f5 10. Bg2 Nf6 11. f3 O-O-O 12. Qc4 Kb8 13. Bf4 fxe4 14. fxe4 Bd6
15. O-O e5 16. Bf3 Qe8 17. d5 exf4 18. dxc6 Qxc6 19. Qxc6 bxc6 20. e5 Bxe5 21.
gxf4 Bxf4 22. Bxc6 Be3+ 23. Kh1 Rd6 24. Bf3 Rd2 25. Rae1 Re8 26. b4 Rf2 27. Bc6
Rxf1+ 28. Rxf1 Re6 29. b5 Bd2 30. Nd5 a6 31. a4 1/2-1/2

[Event "4NCL/Div2/WES1 vs. KHE"]
[Site "Wokefield Park ENG"]
[Date "2008.01.13"]
[Round "6.7"]
[White "Neil, David R"]
[Black "Thomas, Richard H"]
[Result "1/2-1/2"]
[WhiteElo "2176"]
[BlackElo "2176"]
[PlyCount "49"]
[EventDate "2008.01.13"]
[EventCountry "ENG"]
[SourceDate "2007.09.15"]

1. Nf3 g6 2. g3 b6 3. Bg2 Bb7 4. O-O Bg7 5. d4 Nf6 6. c4 O-O 7. Nc3 Ne4 8. Bd2
c5 9. d5 Nxc3 10. Bxc3 Bxc3 11. bxc3 e6 12. e4 d6 13. dxe6 fxe6 14. Qd3 Nc6 15.
Rad1 Ne5 16. Qe2 Nxf3+ 17. Bxf3 e5 18. Bg4 Qe7 19. Rd2 Rf6 20. Rfd1 Raf8 21.
Qe3 Bc6 22. h4 Ba4 23. Rf1 Qf7 24. Qe2 Rd8 25. h5 1/2-1/2

[Event "4NCL/Div2/HKF2 vs. SWD1"]
[Site "Wokefield Park ENG"]
[Date "2008.01.13"]
[Round "6.1"]
[White "McFarland, Robert S"]
[Black "Cobb, James E"]
[Result "0-1"]
[WhiteElo "2229"]
[BlackElo "2412"]
[PlyCount "98"]
[EventDate "2008.01.13"]
[EventCountry "ENG"]
[SourceDate "2007.09.15"]

1. Nf3 d6 2. d4 g6 3. c4 Bg7 4. g3 Nd7 5. Nc3 e5 6. Bg2 Ne7 7. e4 O-O 8. O-O h6
9. dxe5 dxe5 10. Be3 Kh7 11. Qd2 c6 12. Rad1 Qe8 13. Ne1 Ng8 14. Nd3 Ngf6 15.
h3 Nh5 16. g4 Nhf6 17. b3 Qe7 18. a4 a5 19. Rfe1 Ne8 20. Ne2 Nc7 21. Qc2 Ne6
22. Kh1 Ndc5 23. Nxc5 Nxc5 24. f4 exf4 25. Bxf4 Be5 26. Bxe5 Qxe5 27. Ng1 Be6
28. Ne2 Rad8 29. Nc1 h5 30. gxh5 Qxh5 31. Rxd8 Rxd8 32. Qc3 Qg5 33. Qxa5 Rd2
34. Rg1 Qe3 35. b4 Nxe4 36. Qc7 Nf2+ 37. Kh2 Nxh3 38. Rf1 Kg7 39. Qg3 Qxg3+ 40.
Kxg3 Ng5 41. c5 Rb2 42. Rf4 Rc2 43. Nd3 Rc3 44. Rd4 Bf5 45. Bf1 Ne6 46. Rd6 Rb3
47. a5 Bxd3 48. Bxd3 Rxb4 49. a6 Nxc5 0-1

[Event "4NCL/Div2/HKF2 vs. SWD1"]
[Site "Wokefield Park ENG"]
[Date "2008.01.13"]
[Round "6.2"]
[White "Cooper, John G"]
[Black "Tavoularis, Nicholas"]
[Result "1-0"]
[WhiteElo "2360"]
[BlackElo "2242"]
[PlyCount "79"]
[EventDate "2008.01.13"]
[EventCountry "ENG"]
[SourceDate "2007.09.15"]

1. c4 f5 2. g3 Nf6 3. Bg2 d6 4. Nc3 g6 5. d4 Bg7 6. Nh3 O-O 7. d5 Na6 8. O-O
Nc5 9. Rb1 e5 10. dxe6 Bxe6 11. b3 Nfe4 12. Nxe4 Nxe4 13. Bb2 Bxb2 14. Rxb2 Qf6
15. Rc2 Rae8 16. Nf4 Bc8 17. e3 a5 18. Qd5+ Qf7 19. Qxa5 Re5 20. Qa3 b6 21. Qb2
Bb7 22. b4 Ba8 23. Nd3 Re7 24. Rd1 g5 25. c5 bxc5 26. bxc5 Qh5 27. Qb3+ Kh8 28.
Rdc1 dxc5 29. Nxc5 Nf6 30. Bxa8 Rxa8 31. Qb2 Rf8 32. Nd3 Kg8 33. Qb3+ Kh8 34.
Rxc7 Ree8 35. Qb2 Kg8 36. Ne5 f4 37. Qb3+ Kh8 38. Nf7+ Kg7 39. Nxg5+ Kh6 40.
exf4 1-0

[Event "4NCL/Div2/HKF2 vs. SWD1"]
[Site "Wokefield Park ENG"]
[Date "2008.01.13"]
[Round "6.3"]
[White "Burrows, Martin P"]
[Black "Kett, Timothy"]
[Result "1/2-1/2"]
[WhiteElo "2205"]
[BlackElo "2243"]
[PlyCount "54"]
[EventDate "2008.01.13"]
[EventCountry "ENG"]
[SourceDate "2007.09.15"]

1. e4 e5 2. Nf3 Nc6 3. Bb5 a6 4. Ba4 Nf6 5. O-O Nxe4 6. d4 b5 7. Bb3 d5 8. dxe5
Be6 9. Be3 Be7 10. c3 O-O 11. h3 Qd7 12. Nbd2 Rad8 13. Bc2 Nxd2 14. Qxd2 Bf5
15. Rfe1 f6 16. exf6 Bxf6 17. Bxf5 Qxf5 18. Nd4 Nxd4 19. Bxd4 Bxd4 20. Qxd4
Rde8 21. Qc5 h6 22. f3 Qg5 23. Qf2 c6 24. Rad1 a5 25. a3 a4 26. Kf1 Qf4 27. Kg1
Kh7 1/2-1/2

[Event "4NCL/Div2/HKF2 vs. SWD1"]
[Site "Wokefield Park ENG"]
[Date "2008.01.13"]
[Round "6.4"]
[White "Morris, Charles F"]
[Black "Forman, Karl L"]
[Result "1/2-1/2"]
[WhiteElo "2203"]
[BlackElo "2017"]
[PlyCount "28"]
[EventDate "2008.01.13"]
[EventCountry "ENG"]
[SourceDate "2007.09.15"]

1. Nf3 d6 2. d4 f5 3. g3 Nf6 4. Bg2 g6 5. c4 Bg7 6. Nc3 O-O 7. O-O Qe8 8. Re1
Qf7 9. b3 Ne4 10. Qc2 Nc6 11. Be3 Nb4 12. Qb2 c5 13. Nxe4 fxe4 14. Ng5 cxd4
1/2-1/2

[Event "4NCL/Div2/HKF2 vs. SWD1"]
[Site "Wokefield Park ENG"]
[Date "2008.01.13"]
[Round "6.5"]
[White "Tivillier, Jacques"]
[Black "Zeidler, Sven P"]
[Result "0-1"]
[WhiteElo "1900"]
[BlackElo "2223"]
[PlyCount "80"]
[EventDate "2008.01.13"]
[EventCountry "ENG"]
[SourceDate "2007.09.15"]

1. e4 d5 2. exd5 Qxd5 3. Nf3 Bg4 4. Be2 Nc6 5. c4 Qf5 6. h3 Bxf3 7. Bxf3 Nd4 8.
Bxb7 Nc2+ 9. Kf1 Nxa1 10. Qa4+ Kd8 11. Nc3 Rb8 12. Qxa7 Rxb7 13. Qxb7 Nf6 14.
Qa8+ Kd7 15. Qa4+ c6 16. Qa7+ Ke6 17. d4 Qd3+ 18. Kg1 Qxc4 19. Qc7 Qxd4 20.
Qxc6+ Qd6 21. Qc8+ Qd7 22. Qc4+ Kf5 23. Qf4+ Ke6 24. Ne4 Qd5 25. Nc3 g5 26. Qa4
Qd7 27. Qa6+ Kf5 28. h4 h5 29. hxg5 Ng4 30. Rh3 e6 31. Rd3 Qc7 32. Rf3+ Kg6 33.
Bf4 Ne5 34. Re3 Qc4 35. Qa5 Qxf4 36. Qxe5 Qxe5 37. Rxe5 Bg7 38. Rc5 Nc2 39. Ne4
Nb4 40. a3 Nd3 0-1

[Event "4NCL/Div2/HKF2 vs. SWD1"]
[Site "Wokefield Park ENG"]
[Date "2008.01.13"]
[Round "6.6"]
[White "James, David J"]
[Black "Alcock, Graham P"]
[Result "1-0"]
[WhiteElo "2198"]
[BlackElo "1935"]
[PlyCount "69"]
[EventDate "2008.01.13"]
[EventCountry "ENG"]
[SourceDate "2007.09.15"]

1. Nf3 Nf6 2. c4 g6 3. Nc3 Bg7 4. d4 O-O 5. Bg5 d6 6. e3 Nbd7 7. Be2 b6 8. O-O
Bb7 9. d5 e5 10. Nd2 a6 11. e4 h6 12. Be3 Qe7 13. b4 Nh7 14. Na4 f5 15. f3 Ng5
16. c5 bxc5 17. bxc5 dxc5 18. Rc1 fxe4 19. fxe4 Rxf1+ 20. Bxf1 Nf7 21. Nxc5
Nxc5 22. Rxc5 Nd6 23. Qc2 Rc8 24. Nc4 Bf8 25. Na5 g5 26. Be2 Qh7 27. Bg4 Nxe4
28. Bxc8 Bxc5 29. Be6+ Kh8 30. Bxc5 Nxc5 31. Qxc5 Qb1+ 32. Kf2 Qb2+ 33. Kg3 h5
34. Qf8+ Kh7 35. Bg8+ 1-0

[Event "4NCL/Div2/HKF2 vs. SWD1"]
[Site "Wokefield Park ENG"]
[Date "2008.01.13"]
[Round "6.7"]
[White "Shepherd, David"]
[Black "Trevelyan, John"]
[Result "1/2-1/2"]
[WhiteElo "1895"]
[BlackElo "2185"]
[PlyCount "62"]
[EventDate "2008.01.13"]
[EventCountry "ENG"]
[SourceDate "2007.09.15"]

1. d4 d6 2. Bf4 Nf6 3. Nf3 g6 4. e3 Bg7 5. Be2 O-O 6. Nc3 c6 7. h4 Bg4 8. Ng5
Bxe2 9. Qxe2 Nbd7 10. O-O-O b5 11. h5 Qa5 12. hxg6 hxg6 13. e4 b4 14. Nb1 e5
15. dxe5 dxe5 16. Bd2 Qc5 17. Qf3 a5 18. Rh3 Qe7 19. g4 Nc5 20. Rdh1 Rfd8 21.
Be3 Ne6 22. Qg2 Nd4 23. Bxd4 Rxd4 24. Qh2 Nh5 25. Nf3 Bh6+ 26. Nbd2 Bf4 27. Qg2
Bxd2+ 28. Nxd2 Qg5 29. Re3 Rad8 30. Nf3 Nf4 31. Qf1 Rd1+ 1/2-1/2

[Event "4NCL/Div2/HKF2 vs. SWD1"]
[Site "Wokefield Park ENG"]
[Date "2008.01.13"]
[Round "6.8"]
[White "van Kemenade, Julie"]
[Black "Shepherd, Katherine"]
[Result "1/2-1/2"]
[WhiteElo "1764"]
[BlackElo "1515"]
[PlyCount "88"]
[EventDate "2008.01.13"]
[EventCountry "ENG"]
[SourceDate "2007.09.15"]

1. e4 e6 2. d4 d5 3. Be3 dxe4 4. Nd2 Nf6 5. f3 exf3 6. Ngxf3 Nc6 7. Bd3 Bd6 8.
O-O e5 9. dxe5 Nxe5 10. Nxe5 Bxe5 11. Qe2 Bxb2 12. Bd4+ Be6 13. Bxb2 Qe7 14. a4
O-O-O 15. a5 a6 16. Nf3 h5 17. Ng5 Qc5+ 18. Qf2 Qxg5 19. Bxf6 gxf6 20. Qxf6
Rhg8 21. Qxg5 Rxg5 22. Rf4 Rg4 23. Raa4 Rd5 24. Rxg4 Bxg4 25. Kf2 Bf5 26. Ke3
Bxd3 27. cxd3 Kd7 28. Ke4 Rg5 29. Ra2 Ke6 30. h3 Re5+ 31. Kd4 f5 32. Kc4 Rb5
33. Kd4 c5+ 34. Ke3 Ke5 35. Ra4 Rb4 36. Ra2 f4+ 37. Ke2 c4 38. dxc4 Rxc4 39.
Rb2 Rc5 40. Rxb7 Rxa5 41. Rh7 Ke4 42. Re7+ Re5 43. Ra7 a5 44. h4 Re6 1/2-1/2

[Event "4NCL/Div2/BARY vs. PPA1"]
[Site "Wokefield Park ENG"]
[Date "2008.01.13"]
[Round "6.1"]
[White "Coleman, David"]
[Black "Swanson, Stephen"]
[Result "1/2-1/2"]
[WhiteElo "2217"]
[BlackElo "2242"]
[PlyCount "56"]
[EventDate "2008.01.13"]
[EventCountry "ENG"]
[SourceDate "2007.09.15"]

1. e4 g6 2. d4 Bg7 3. Nc3 d6 4. f4 a6 5. Nf3 b5 6. Bd3 Nd7 7. a4 b4 8. Na2 Rb8
9. Bd2 c5 10. c3 bxc3 11. bxc3 e6 12. O-O Ne7 13. Qe2 O-O 14. Bxa6 Bxa6 15.
Qxa6 Rb6 16. Qd3 Qa8 17. Nc1 Ra6 18. Ne2 Rxa4 19. Rxa4 Qxa4 20. Be3 Qc6 21. e5
d5 22. c4 dxc4 23. Qxc4 Nd5 24. Bd2 N5b6 25. Qc2 Rc8 26. dxc5 Bf8 27. Be3 Nd5
28. Bf2 Bxc5 1/2-1/2

[Event "4NCL/Div2/BARY vs. PPA1"]
[Site "Wokefield Park ENG"]
[Date "2008.01.13"]
[Round "6.2"]
[White "Harley, Andrew"]
[Black "Hodgson, John H"]
[Result "1/2-1/2"]
[WhiteElo "2223"]
[BlackElo "2216"]
[PlyCount "49"]
[EventDate "2008.01.13"]
[EventCountry "ENG"]
[SourceDate "2007.09.15"]

1. e4 c5 2. c3 Nf6 3. e5 Nd5 4. Bc4 e6 5. d4 Nc6 6. Nf3 cxd4 7. cxd4 d6 8. O-O
Be7 9. a3 O-O 10. Re1 Bd7 11. Bd2 Qb6 12. Nc3 Nxc3 13. Bxc3 dxe5 14. dxe5 Rfd8
15. Qe2 Be8 16. b4 Rd7 17. Nd2 a5 18. bxa5 Nxa5 19. Bd3 Qd8 20. Bc2 Nc6 21. Qe4
g6 22. Nb3 Rxa3 23. Rxa3 Bxa3 24. h4 Bf8 25. h5 1/2-1/2

[Event "4NCL/Div2/BARY vs. PPA1"]
[Site "Wokefield Park ENG"]
[Date "2008.01.13"]
[Round "6.3"]
[White "Levermore, Peter A"]
[Black "Dunn, Andrew"]
[Result "0-1"]
[WhiteElo "2120"]
[BlackElo "2210"]
[PlyCount "77"]
[EventDate "2008.01.13"]
[EventCountry "ENG"]
[SourceDate "2007.09.15"]

1. e4 c6 2. d4 d5 3. exd5 cxd5 4. Bd3 Nc6 5. c3 Qc7 6. h3 Bd7 7. Nf3 e6 8. O-O
Bd6 9. Re1 Nge7 10. b3 a6 11. Qe2 Ng6 12. c4 Nce7 13. Nc3 dxc4 14. bxc4 Bb4 15.
Qc2 b5 16. c5 Bc6 17. Ng5 Qd7 18. Bb2 Nf4 19. Be4 Nfd5 20. Nf3 Nxc3 21. Bxc3
Bxc3 22. Qxc3 Bxe4 23. Rxe4 Nd5 24. Qc2 Nf6 25. c6 Qd6 26. Re5 O-O 27. Rc1 Rfc8
28. Rc5 Rc7 29. a4 Rb8 30. axb5 axb5 31. Rb1 g6 32. Rb4 Nd5 33. Rbxb5 Rxb5 34.
Rxb5 Rxc6 35. Rc5 Ra6 36. g3 Ra1+ 37. Kg2 Qa6 38. Rc4 Nb6 39. Qb2 0-1

[Event "4NCL/Div2/BARY vs. PPA1"]
[Site "Wokefield Park ENG"]
[Date "2008.01.13"]
[Round "6.4"]
[White "Byway, Paul"]
[Black "Farrand, Julian T"]
[Result "1/2-1/2"]
[WhiteElo "2159"]
[BlackElo "2151"]
[PlyCount "61"]
[EventDate "2008.01.13"]
[EventCountry "ENG"]
[SourceDate "2007.09.15"]

1. d4 d6 2. Nf3 Nf6 3. Bf4 Nbd7 4. e3 c6 5. c4 Nh5 6. Bg3 Nxg3 7. hxg3 g6 8.
Nc3 Bg7 9. Be2 Qa5 10. Qd2 a6 11. Rb1 Qc7 12. Rc1 a5 13. a3 Nf6 14. O-O O-O 15.
b4 axb4 16. axb4 e5 17. d5 Bf5 18. Ra1 Qb6 19. dxc6 Qxc6 20. Rxa8 Rxa8 21. Rd1
Bf8 22. Qb2 Qb6 23. Nd5 Nxd5 24. Rxd5 Be6 25. Rb5 Qc7 26. Ng5 Bd7 27. Rd5 Bc6
28. Rd1 h6 29. Nf3 b6 30. Ne1 Qa7 31. b5 1/2-1/2

[Event "4NCL/Div2/BARY vs. PPA1"]
[Site "Wokefield Park ENG"]
[Date "2008.01.13"]
[Round "6.5"]
[White "Franklin, Samuel"]
[Black "Dignam, Matthew"]
[Result "1/2-1/2"]
[WhiteElo "2001"]
[BlackElo "2139"]
[PlyCount "92"]
[EventDate "2008.01.13"]
[EventCountry "ENG"]
[SourceDate "2007.09.15"]

1. c4 Nf6 2. Nc3 g6 3. e4 d6 4. d4 Bg7 5. Be2 O-O 6. Nf3 e5 7. Be3 Ng4 8. Bg5
f6 9. Bh4 Nc6 10. d5 Ne7 11. Nd2 Nh6 12. f3 g5 13. Bf2 Ng6 14. g3 f5 15. O-O
Kh8 16. c5 g4 17. exf5 gxf3 18. Bxf3 Nxf5 19. Nde4 Nd4 20. Bg2 dxc5 21. Nxc5
Qe7 22. Nb3 Nxb3 23. Qxb3 Bf5 24. Qxb7 Bd3 25. Rfd1 e4 26. d6 Qf6 27. Be3 cxd6
28. Nxe4 Bxe4 29. Qxe4 Rae8 30. Bd4 Rxe4 31. Bxf6 Re2 32. Bxg7+ Kxg7 33. Rf1
Rxf1+ 34. Kxf1 Rxb2 35. Rd1 Ne5 36. Rxd6 Rxa2 37. Be4 a5 38. Rd5 Nc4 39. Rd7+
Kf6 40. Bxh7 Rxh2 41. Kg1 Rb2 42. Rd4 Ne3 43. Ra4 Kg5 44. Rxa5+ Kg4 45. Ra8
Kxg3 46. Rg8+ Kf4 1/2-1/2

[Event "4NCL/Div2/BARY vs. PPA1"]
[Site "Wokefield Park ENG"]
[Date "2008.01.13"]
[Round "6.6"]
[White "Rosen, Daniel B"]
[Black "Wells, Daniel"]
[Result "1-0"]
[WhiteElo "2124"]
[BlackElo "2022"]
[PlyCount "59"]
[EventDate "2008.01.13"]
[EventCountry "ENG"]
[SourceDate "2007.09.15"]

1. e4 c5 2. Nc3 Nc6 3. f4 g6 4. Nf3 Bg7 5. Bc4 e6 6. O-O Nge7 7. d3 O-O 8. Bb3
d5 9. Qe1 a6 10. Nd1 Na5 11. Bd2 Nxb3 12. axb3 b5 13. Qf2 Bb7 14. Re1 Rc8 15.
e5 Nc6 16. Ne3 d4 17. Nf1 Qd5 18. Ng3 f5 19. exf6 Bxf6 20. Ne4 Bg7 21. Qh4 Rce8
22. Re2 h5 23. Rae1 e5 24. Qg3 exf4 25. Bxf4 Re6 26. Nfg5 Re7 27. Bd6 Rf5 28.
Bxe7 Nxe7 29. Nf3 Bh6 30. Nd6 {time} 1-0

[Event "4NCL/Div2/BARY vs. PPA1"]
[Site "Wokefield Park ENG"]
[Date "2008.01.13"]
[Round "6.7"]
[White "O'Toole, George E"]
[Black "Winfridsson, Ola"]
[Result "0-1"]
[WhiteElo "1985"]
[BlackElo "2108"]
[PlyCount "94"]
[EventDate "2008.01.13"]
[EventCountry "ENG"]
[SourceDate "2007.09.15"]

1. e4 c6 2. c4 d5 3. exd5 cxd5 4. cxd5 Nf6 5. Nc3 Nxd5 6. Nf3 Nxc3 7. bxc3 g6
8. d4 Bg7 9. Bc4 O-O 10. O-O Nc6 11. Re1 Qc7 12. Bd3 e5 13. Re4 Bf5 14. Rh4
Bxd3 15. Qxd3 exd4 16. cxd4 Rfd8 17. Bf4 Qd7 18. Bg5 Nxd4 19. Re1 Nxf3+ 20.
Qxf3 Re8 21. Rhe4 Rxe4 22. Rxe4 Re8 23. h3 Rxe4 24. Qxe4 h6 25. Bf4 Kh7 26. a4
Qd4 27. Qxd4 Bxd4 28. a5 b5 29. axb6 axb6 30. Bd2 Kg7 31. Kf1 h5 32. Ke2 Kf6
33. g4 hxg4 34. hxg4 Ke5 35. f3 Kd5 36. Kd3 Kc5 37. Ke4 Kc4 38. f4 b5 39. f5
Bf6 40. fxg6 fxg6 41. g5 Bc3 42. Bxc3 Kxc3 43. Ke5 b4 44. Kf6 b3 45. Kxg6 b2
46. Kf6 b1=Q 47. g6 Qb3 0-1

[Event "4NCL/Div2/BARY vs. PPA1"]
[Site "Wokefield Park ENG"]
[Date "2008.01.13"]
[Round "6.8"]
[White "Sirisena, Anuk"]
[Black "Anandajeyarajah, Thilagini"]
[Result "1-0"]
[WhiteElo "1885"]
[BlackElo "1720"]
[PlyCount "101"]
[EventDate "2008.01.13"]
[EventCountry "ENG"]
[SourceDate "2007.09.15"]

1. e4 e6 2. d3 d5 3. Nd2 c5 4. g3 Nc6 5. Bg2 Nge7 6. Qe2 g6 7. Nb3 Bg7 8. c3 b6
9. f4 O-O 10. Nf3 a5 11. e5 a4 12. Nbd2 f6 13. O-O fxe5 14. Nxe5 Nxe5 15. fxe5
Nc6 16. Rxf8+ Qxf8 17. Nf3 Qf5 18. d4 cxd4 19. cxd4 Ba6 20. Qd1 Nb4 21. Nh4 Qc2
22. Bd2 Qxd1+ 23. Rxd1 Nc6 24. Nf3 Rc8 25. Bc3 Bh6 26. Kf2 Rf8 27. Bh3 Kf7 28.
Bd2 Bxd2 29. Rxd2 Ke7 30. Kg2 Kd7 31. a3 h6 32. Rc2 Nxd4 33. Nxd4 Bf1+ 34. Kg1
Bxh3 35. Rf2 Rc8 36. Rf7+ Ke8 37. Rh7 Rc1+ 38. Kf2 h5 39. Rb7 Rh1 40. Nf3 Rf1+
41. Ke2 Rc1 42. Rxb6 Rc2+ 43. Kd3 Bf5+ 44. Ke3 Kd7 45. Rb4 Kc6 46. Nd4+ Kc5 47.
Nxc2 Bxc2 48. Kd2 Bb3 49. h4 d4 50. Kd3 Bc4+ 51. Rxc4+ 1-0

[Event "4NCL/Div2/CHEDP vs. OXF1"]
[Site "Wokefield Park ENG"]
[Date "2008.01.13"]
[Round "6.1"]
[White "Bellin, Robert"]
[Black "Savage, Ben D"]
[Result "1/2-1/2"]
[WhiteElo "2385"]
[BlackElo "2305"]
[PlyCount "34"]
[EventDate "2008.01.13"]
[EventCountry "ENG"]
[SourceDate "2007.09.15"]

1. e4 c5 2. Nf3 Nc6 3. Bb5 g6 4. Bxc6 dxc6 5. d3 Bg7 6. h3 Nf6 7. Nc3 O-O 8.
Bg5 Nd7 9. Qd2 f6 10. Be3 e5 11. g4 Rf7 12. Ne2 b6 13. O-O-O Nf8 14. Kb1 Ne6
15. Nh2 a5 16. h4 a4 17. h5 g5 1/2-1/2